000 00870aab a2200205 i 4500
001 768714001
003 CO-MdFUSB
005 20250721100753.0
008 170512s1996 cr ||||| |||| 00| 0 spa d
040 _bspa
_cCO-MdFUSB
041 _aspa
100 1 _aLibert, Samuel O.
_eautor
245 1 0 _aErrores que cometí en el ministerio que no volvería a cometer
_c/ Samuel O. Libert
300 _aVolumen 16, número 1 (agosto, 1996), páginas: 6 - 10
_c; 27 cm
520 _a"Un fiel creyente se atrevió a interrumpir mi predicación, para corregir algunos errores de mi sermón" "Así, pues, me parecía estar ganando más almas para Cristo, sin darme cuenta que empleaba malas artes"
653 _aTestimonio
773 0 _tApuntes Pastorales
_049442
_960167
_gVolumen 16, número 1 (agosto, 1996), páginas: 6 - 10
_qpágina: 6
942 _cANA
945 _aJTF-925
999 _c56202
_d56202